004090000a220010900045001000020000002450095000203000053001157730016001689420008001849520090001929990017002821 aFritz, Marshall10aRestoring parental responsibility for education : The case for separating school and state aVol. 46, Num. 7 (Julio, 1997), Páginas 476-4790 tThe Freeman cANA 001040708HEMaFUSBCbFUSBCd2016-01-26l0o r2016-01-26 00:00:00w2016-01-26yANA c56353d56353